000 00861cam a22002412 4500
001 0000020384
005 20151217152213.0
008 110915s xx 000 0 eng d
020 _a0931092523 :
040 _aKABU
_cKABU
245 1 0 _aPsychological methods of pain control :
_bbasic science and clinical perspectives /
_c[edited by] Donald D. Price, M. Catherine Bushnell.
250 _a1st ed.
260 _aSeattle, WA. :
_bIASP,
_c2004.
300 _axii, 308 p.
650 0 _aPain
_xPsychosomatic aspects.
_@0000181428
650 0 _aChronic pain
_xAlternative treatment.
_@0000181429
700 1 _aPrice, Donald D.
_@0000181430
700 1 _aBushnell, M. Catherine.
_@0000181431
852 1 _9p1000 KES
852 1 _9p1000 KES
908 _a110915
950 _@1
999 _c9300
_d9300